Sociología contemporánea

Tallennettuna:
Bibliografiset tiedot
Päätekijä: Posada, Adolfo (Tekijä)
Aineistotyyppi: Kirja
Kieli:espanja
Julkaistu: Madrid Calpe 1910
Sarja:Manuales Gallach, 46
Aiheet:
Tagit: Lisää tagi
Ei tageja, Lisää ensimmäinen tagi!

MARC

LEADER 00000nam a2200000 a 4500
001 UCT6227
003 CL-VaPUC
008 970106e19100000SP |||||||||||||||||spa|d
082 0 4 |a 301  |b POS  |2 21 
100 0 |a Posada, Adolfo  |e author  |9 376147 
245 1 0 |a Sociología contemporánea 
300 |a 187 p 
942 |c BK 
945 |d 19970106 00:00:00  |a paguirre 
260 |a Madrid  |b Calpe  |c 1910 
650 0 |a Sociología   |9 255410 
650 0 |a Ciencias sociales   |9 256351 
650 7 |a MEDIO SOCIAL  |2 CL-VaPUC  |9 335849 
650 0 |a Sociedad  |9 307903 
650 0 |a Sistemas sociales  |9 308361 
583 |a last modification  |c 19970106 00:00:00  |k Rodrigo Vera 
490 0 |a Manuales Gallach, 46 
999 |c 254943  |d 254941 
952 |0 0  |1 0  |4 0  |6 301_000000000000000_POS_1910  |7 0  |8 P  |9 276932  |a BIBDER  |b BIBDER  |d 2019-11-19  |i 1800698  |o 301 POS 1910  |p 1800698  |r 2023-01-25  |w 2019-11-19  |y BK  |k DER